[Event "Oberliga Bayern 1617"]
[Site "Bayern"]
[Date "2017.01.15"]
[Round "4.3"]
[White "Babiy, Olga"]
[Black "Mann, Johannes"]
[Result "0-1"]
[WhiteElo "2302"]
[BlackElo "2157"]
[PlyCount "78"]
[EventDate "2016.10.16"]
[EventType "team-tourn"]
[EventRounds "9"]
[EventCountry "GER"]
[SourceTitle "EXT 2019"]
[Source "ChessBase"]
[SourceDate "2018.10.10"]
[SourceVersion "1"]
[SourceVersionDate "2018.10.10"]
[SourceQuality "1"]
[WhiteTeam "Muenchen 36"]
[BlackTeam "Schweinfurt"]
[WhiteTeamCountry "GER"]
[BlackTeamCountry "GER"]

1. e4 c6 2. d4 d5 3. Nc3 dxe4 4. Nxe4 Bf5 5. Nc5 Qc7 6. Bd3 Bxd3 7. Nxd3 e6 8. Nf3 Nf6 9. 0-0 Nbd7 10. c4 h6 11. Re1 Be7 12. Bf4 Bd6 13. Nfe5 0-0 14. Qd2 Kh7 15. Re3 Ng8 16. Qc2 Kh8 17. Rg3 Ngf6 18. Qe2 c5 19. Nxd7 Nxd7 20. Ne5 cxd4 21. Bxh6 Bxe5 22. Bxg7+ Bxg7 23. Qh5+ Kg8 24. Qg5 Qe5 25. Qd2 Rfd8 26. Re1 Qf6 27. Re4 Ne5 28. h4 Kf8 29. Rg5 Nxc4 30. Qb4+ Nd6 31. Reg4 Bh6 32. Rh5 Rac8 33. Rxd4 Rc1+ 34. Kh2 Ke7 35. f4 Bg7 36. Rd2 Rc4 37. Qa5 Qxf4+ 38. g3 Qf6 39. Rb5 Bh6 0-1

[Event "Pardubice Czech op-A 26th"]
[Site "Pardubice"]
[Date "2015.07.29"]
[Round "6.83"]
[White "Miturova, Magdalena"]
[Black "Mann, Johannes"]
[Result "1-0"]
[WhiteElo "2149"]
[BlackElo "2295"]
[PlyCount "53"]
[EventDate "2015.07.24"]
[EventType "swiss"]
[EventRounds "9"]
[EventCountry "CZE"]
[SourceTitle "EXT 2017"]
[Source "ChessBase"]
[SourceDate "2016.10.25"]
[SourceVersion "1"]
[SourceVersionDate "2016.10.25"]
[SourceQuality "1"]

1. e4 c5 2. Nf3 d6 3. d4 cxd4 4. Nxd4 Nf6 5. Nc3 a6 6. Be2 e5 7. Nb3 Be7 8. Bg5 Be6 9. Bxf6 Bxf6 10. Qd3 Nc6 11. 0-0-0 Be7 12. Kb1 Qd7 13. a3 Rd8 14. Nd5 0-0 15. h3 Rfe8 16. Qg3 b5 17. h4 Kh8 18. Qf3 Bf8 19. g4 Rb8 20. h5 a5 21. h6 Qd8 22. hxg7+ Bxg7 23. g5 a4 24. Nf6 h6 25. Rxh6+ Bxh6 26. Qh5 axb3 27. Qxh6# 1-0

[Event "Pardubice Czech op-A 26th"]
[Site "Pardubice"]
[Date "2015.07.26"]
[Round "3.87"]
[White "Mann, Johannes"]
[Black "Walter, Florian"]
[Result "0-1"]
[WhiteElo "2295"]
[BlackElo "2140"]
[PlyCount "60"]
[EventDate "2015.07.24"]
[EventType "swiss"]
[EventRounds "9"]
[EventCountry "CZE"]
[SourceTitle "EXT 2017"]
[Source "ChessBase"]
[SourceDate "2016.10.25"]
[SourceVersion "1"]
[SourceVersionDate "2016.10.25"]
[SourceQuality "1"]

1. d4 d5 2. c4 e6 3. Nf3 Nf6 4. g3 c6 5. Bg2 Bd6 6. 0-0 0-0 7. b3 Nbd7 8. Bb2 b5 9. Nbd2 bxc4 10. bxc4 Rb8 11. Qc2 Ba6 12. Rfb1 c5 13. Qa4 Qc8 14. Ba3 Nb6 15. Qa5 Nxc4 16. Nxc4 Bxc4 17. dxc5 Bc7 18. Qc3 Ne4 19. Qe3 Qa6 20. Nd4 Be5 21. Rd1 f5 22. f3 f4 23. Qc1 Bxe2 24. Nxe2 Qxe2 25. fxe4 fxg3 26. Qg5 Rf2 27. Bh3 Rxh2 28. Rd2 Bd4+ 29. Rxd4 Rh1+ 30. Kxh1 Qh2# 0-1

[Event "Pardubice Czech op-A 26th"]
[Site "Pardubice"]
[Date "2015.07.25"]
[Round "2"]
[White "Ali Marandi, Cemil Can"]
[Black "Mann, Johannes"]
[Result "1-0"]
[WhiteElo "2431"]
[BlackElo "2295"]
[PlyCount "59"]
[EventDate "2015.07.24"]
[EventType "swiss"]
[EventRounds "9"]
[EventCountry "CZE"]
[SourceTitle "CBM 167 Extra"]
[Source "ChessBase"]
[SourceDate "2015.09.14"]
[SourceVersion "1"]
[SourceVersionDate "2015.09.14"]
[SourceQuality "1"]

1. d4 d5 2. c4 c6 3. Nf3 Nf6 4. e3 a6 5. Bd3 e6 6. b3 Be7 7. 0-0 0-0 8. Bb2 b6 9. Nbd2 Bb7 10. e4 dxe4 11. Nxe4 c5 12. Qc2 Nc6 13. Nxf6+ Bxf6 14. Bxh7+ Kh8 15. Be4 cxd4 16. Rad1 e5 17. Qe2 Kg8 18. Bxc6 Bxc6 19. Nxe5 Bxe5 20. Qxe5 Re8 21. Qg3 f6 22. Rxd4 Qe7 23. Rd6 Qe4 24. Bxf6 Ra7 25. Bc3 Rf7 26. h4 Re6 27. Re1 Qxg2+ 28. Qxg2 Rxe1+ 29. Bxe1 Bxg2 30. Kxg2 1-0

[Event "Hastings Masters op 90th"]
[Site "Hastings"]
[Date "2015.01.03"]
[Round "6"]
[White "Mann, Johannes"]
[Black "Kiefer, Daniel"]
[Result "1-0"]
[WhiteElo "2080"]
[BlackElo "2255"]
[PlyCount "103"]
[EventDate "2014.12.29"]
[EventType "swiss"]
[EventRounds "9"]
[EventCountry "ENG"]
[SourceTitle "CBM 164 Extra"]
[Source "ChessBase"]
[SourceDate "2015.03.02"]
[SourceVersion "1"]
[SourceVersionDate "2015.03.02"]
[SourceQuality "1"]

1. d4 Nf6 2. c4 c5 3. d5 b5 4. cxb5 a6 5. bxa6 g6 6. Nc3 Bxa6 7. g3 d6 8. Bg2 Bg7 9. Nf3 Nbd7 10. Rb1 Nb6 11. b3 Bb7 12. Nh4 0-0 13. 0-0 Ra6 14. e4 Nfd7 15. Qc2 Qa8 16. Rd1 c4 17. b4 Ne5 18. Bf1 Na4 19. Nb5 Rb6 20. Nd4 e6 21. f4 Nd7 22. Bxc4 Rc8 23. Qd3 exd5 24. exd5 Bxd5 25. Bxd5 Qxd5 26. Ne2 Qxa2 27. Be3 Nc3 28. Nxc3 Rxc3 29. Qd2 Rc2 30. Qd5 Qa6 31. Bxb6 Qxb6+ 32. Kh1 Qf2 33. Qg2 Qxg2+ 34. Nxg2 Bf8 35. Ne3 Re2 36. Nd5 f5 37. b5 Rc2 38. b6 Kf7 39. b7 Nb8 40. Rdc1 Rc5 41. Rxc5 dxc5 42. Rb6 c4 43. Kg2 Bc5 44. Rb5 Bd4 45. Rb4 Ke6 46. Nc7+ Kd6 47. Rxc4 Bc5 48. Ne8+ Kc6 49. Nf6 h5 50. Rc2 Kd6 51. Kh3 Na6 52. Rxc5 1-0

[Event "Bayern-chI Bank Hofmann 18th"]
[Site "Bad Wiessee"]
[Date "2014.10.26"]
[Round "2"]
[White "Berkovich, Mark A"]
[Black "Mann, Johannes"]
[Result "1-0"]
[WhiteElo "2355"]
[BlackElo "2004"]
[PlyCount "119"]
[EventDate "2014.10.25"]
[EventType "swiss"]
[EventRounds "9"]
[EventCountry "GER"]
[SourceTitle "EXT 2015"]
[Source "ChessBase"]
[SourceDate "2014.11.20"]
[SourceVersion "1"]
[SourceVersionDate "2014.11.20"]
[SourceQuality "1"]

1. Nf3 d5 2. g3 c6 3. Bg2 Bg4 4. c4 e6 5. cxd5 exd5 6. 0-0 Nd7 7. d3 Ngf6 8. Nc3 Bc5 9. Qb3 Bb6 10. Na4 0-0 11. Nxb6 axb6 12. Qc2 Re8 13. b3 Ne5 14. Nxe5 Rxe5 15. f3 Bc8 16. Bb2 d4 17. e4 c5 18. h3 Re7 19. f4 Rc7 20. Bc1 Bd7 21. Bd2 b5 22. Rf2 Ra7 23. f5 b6 24. Bg5 h6 25. Bh4 Qe7 26. g4 Bc6 27. Re1 Qe5 28. Rf3 Rc8 29. Bg3 Qe8 30. Qd2 Nd7 31. f6 Nxf6 32. Rxf6 gxf6 33. Qxh6 Qf8 34. Qxf6 Qg7 35. Qd6 Qf8 36. Qf4 Rxa2 37. Bh4 Qg7 38. Bf6 Qg6 39. h4 Bd7 40. Bf3 Rc6 41. e5 Qxd3 42. e6 Rxe6 43. Qb8+ Be8 44. Qxe8+ Rxe8 45. Rxe8+ Kh7 46. Be4+ Qxe4 47. Rxe4 Kg6 48. Bg5 Rb2 49. Rf4 d3 50. Rf6+ Kg7 51. Rd6 Rxb3 52. h5 Rb4 53. Bf6+ Kh7 54. g5 Rg4+ 55. Kf2 c4 56. Rd8 Rf4+ 57. Ke3 Rxf6 58. gxf6 b4 59. Rb8 b3 60. Rxb6 1-0

[Event "Bayern-chI Bank Hofmann 17th"]
[Site "Bad Wiessee"]
[Date "2013.10.30"]
[Round "6"]
[White "Mann, Johannes"]
[Black "Nagel, Bernhard"]
[Result "0-1"]
[WhiteElo "1910"]
[BlackElo "2216"]
[PlyCount "58"]
[EventDate "2013.10.26"]
[EventType "swiss"]
[EventRounds "9"]
[EventCountry "GER"]
[SourceTitle "EXT 2014"]
[Source "ChessBase"]
[SourceDate "2013.11.20"]
[SourceVersion "1"]
[SourceVersionDate "2013.11.20"]
[SourceQuality "1"]

1. d4 Nf6 2. c4 e6 3. g3 d5 4. Nf3 Bb4+ 5. Bd2 Be7 6. Bg2 c6 7. 0-0 Nbd7 8. Qc2 0-0 9. Bf4 b6 10. Nc3 dxc4 11. Nd2 Nd5 12. Nxc4 Nxf4 13. gxf4 Bb7 14. f5 exf5 15. Qxf5 g6 16. Qc2 Nf6 17. Rad1 Qc7 18. Rfe1 Ng4 19. h3 Qh2+ 20. Kf1 Nxf2 21. Kxf2 Bh4+ 22. Kf1 Qf4+ 23. Bf3 Bc8 24. Ne4 Qh2 25. Bg2 Bxh3 26. e3 Qh1+ 27. Ke2 Qxg2+ 28. Kd3 Qxe4+ 29. Kxe4 Bf5+ 0-1

[Event "Bayern-chI Bank Hofmann 17th"]
[Site "Bad Wiessee"]
[Date "2013.10.29"]
[Round "5"]
[White "Forchert, Martin"]
[Black "Mann, Johannes"]
[Result "1/2-1/2"]
[WhiteElo "2398"]
[BlackElo "1910"]
[PlyCount "58"]
[EventDate "2013.10.26"]
[EventType "swiss"]
[EventRounds "9"]
[EventCountry "GER"]
[SourceTitle "EXT 2014"]
[Source "ChessBase"]
[SourceDate "2013.11.20"]
[SourceVersion "1"]
[SourceVersionDate "2013.11.20"]
[SourceQuality "1"]

1. e4 c6 2. d4 d5 3. e5 Bf5 4. Be3 e6 5. Nd2 Nd7 6. Ngf3 Ne7 7. Nh4 Bg6 8. Be2 c5 9. c3 Nc6 10. Nxg6 hxg6 11. 0-0 Qb6 12. Nf3 cxd4 13. cxd4 Be7 14. Rb1 0-0 15. b4 Rfc8 16. a3 Qd8 17. Bd3 a6 18. Nd2 b5 19. Nb3 Nb6 20. Nc5 Nc4 21. Rb3 a5 22. Qg4 axb4 23. axb4 Ra2 24. Bc1 Bxc5 25. bxc5 Ra4 26. Bxg6 N4xe5 27. Bh7+ Kxh7 28. Qh5+ Kg8 29. dxe5 Rh4 1/2-1/2